| 000 -LEADER |
| fixed length control field |
00669nam a22002177a 4500 |
| 008 - FIXED-LENGTH DATA ELEMENTS--GENERAL INFORMATION |
| fixed length control field |
151102b xxu||||| |||| 00| 0 eng d |
| 020 ## - INTERNATIONAL STANDARD BOOK NUMBER |
| International Standard Book Number |
9780132343305 |
| 020 ## - INTERNATIONAL STANDARD BOOK NUMBER |
| International Standard Book Number |
0132343304 |
| 041 0# - LANGUAGE CODE |
| Language code of text/sound track or separate title |
eng |
| 080 ## - UNIVERSAL DECIMAL CLASSIFICATION NUMBER |
| Universal Decimal Classification number |
658.8 |
| 100 1# - Rafti |
| Rafti |
Render, Barry. |
| 245 10 - TITLE STATEMENT |
| Title |
Principles of operations management / |
| Statement of responsibility, etc |
Jay Heizer, Barry Render. |
| 246 30 - VARYING FORM OF TITLE |
| Title proper/short title |
Operations management |
| 250 ## - |
| -- |
7th ed. |
| 260 ## - |
| -- |
Upper Saddle River, N.J. : |
| -- |
Pearson Prentice Hall, |
| -- |
c2008. |
| 300 ## - |
| -- |
1 v. (various pagings) : |
| -- |
me il.; |
| -- |
28 cm. + |
| -- |
1 CD-ROM (4 3/4 in.) |
| 650 #0 - |
| -- |
Menaxhimi i produkteve |
| 650 #0 - |
| -- |
Hulumtimi i operacioneve |
| 700 1# - |
| -- |
Heizer, Jay. |
| 942 ## - ADDED ENTRY ELEMENTS (KOHA) |
| Source of classification or shelving scheme |
|
| Item type |
Books |